| 000 | 00529nam a2200145Ia 4500 | ||
|---|---|---|---|
| 008 | 170221s9999 xx 000 0 und d | ||
| 100 | _aSenih Cavusoglu | ||
| 245 | 3 | _aAn Indigenous Approach to Conflict, Migration, Negotiation and Mediation Across the People from Different Languages and Religions: The Cyprus Example | |
| 245 | _cSenih Cavusoglu | ||
| 260 | _bOnline Journal of Communication and Media Technologies | ||
| 260 | _c2015 | ||
| 650 | _xCommunication | ||
| 650 | _xMedia Arts | ||
| 856 | _uhttp://www.ojcmt.net/ | ||
| 999 |
_c309239 _d309239 |
||